000 00404nam a22001697a 4500
003 CEME
005 20210628203048.0
008 210201b xxu||||| |||| 00| 0 eng d
020 _a9789698305802
040 _c.
082 _a891.4394 ISH
100 _aAshfaq Ahmad
_93162
245 _aAshfaq ahmad ka zavia
260 _aLAHORE
_bTEA AND TEA PUBLISHERS
_c2005
300 _a228P
942 _cBK
_2ddc
999 _c572033
_d572033